Personnages de fiction et recettes de flammekueche - Statistiques

Statistiques générales
  • Ce quiz a été pris 52 fois
  • Le résultat moyen est 11 sur 14
Statistiques - réponses
Nom Réponses % Correct
O'Vegan Kenobi Obi-Wan Kenobi
100%
Goat'Zilla Godzilla
96%
Pikachoucroute Pikachu
96%
Pom'Pom et Nana Tom-Tom et Nana
94%
Pikachoucroute Chou
92%
Pom'Pom et Nana Compote de pommes
88%
Commissaire Magret Magret de canard
88%
Végéta Vegeta
88%
4 Fantastiques 4 fromages
75%
Commissaire Magret Jules Maigret
75%
Goat'Zilla Fromage de chèvre
71%
4 Fantastiques Quatre Fantastiques
71%
O'Vegan Kenobi Lardons végétaux
50%
Végéta Herbes fraîches
23%
Aucun quiz correspondant
Distribution des résultats
% des personnes avec chaque résultat
Percentile par nombre de réponses
Votre historique - résultats
Vous n’avez pas pris ce quiz